[Event "Perm op-A 10"]
[Site "Perm"]
[Date "2008.10.??"]
[Round "5"]
[White "Mamykin, Andrey"]
[Black "Kozlov, Vladimir"]
[Result "0-1"]
[WhiteElo "2132"]
[BlackElo "2133"]
[PlyCount "32"]
[EventDate "2008.10.15"]
[EventType "swiss"]
[EventRounds "8"]
[EventCountry "RUS"]
[SourceTitle "EXT 2022"]
[Source "ChessBase"]
[SourceDate "2021.10.06"]
[SourceVersion "1"]
[SourceVersionDate "2021.10.06"]
[SourceQuality "1"]

1. e4 d6 2. d4 g6 3. Bc4 Bg7 4. Nc3 e6 5. Be3 Ne7 6. h4 h5 7. Qd2 b6 8. 0-0-0 Bb7 9. f3 f5 10. Bg5 Qd7 11. Qe3 0-0 12. Bh6 Nbc6 13. d5 Ne5 14. dxe6 Qc6 15. b3 fxe4 16. Nxe4 Nf5 0-1

[Event "Perm op-A 10"]
[Site "Perm"]
[Date "2008.10.??"]
[Round "4"]
[White "Matveeva, Olga"]
[Black "Mamykin, Andrey"]
[Result "1/2-1/2"]
[WhiteElo "2192"]
[BlackElo "2132"]
[PlyCount "59"]
[EventDate "2008.10.15"]
[EventType "swiss"]
[EventRounds "8"]
[EventCountry "RUS"]
[SourceTitle "EXT 2022"]
[Source "ChessBase"]
[SourceDate "2021.10.06"]
[SourceVersion "1"]
[SourceVersionDate "2021.10.06"]
[SourceQuality "1"]

1. d4 c5 2. d5 d6 3. c4 e5 4. e4 Nf6 5. Nc3 Be7 6. Be2 0-0 7. h3 h6 8. Be3 Nh7 9. Bg4 Bg5 10. Bxc8 Qxc8 11. Bxg5 Nxg5 12. h4 Nh7 13. g4 g6 14. Qe2 a6 15. Nh3 Nd7 16. 0-0-0 Qd8 17. Kb1 Qa5 18. Qd2 Kg7 19. h5 g5 20. Ne2 Qd8 21. Ng3 Qf6 22. Nf5+ Kh8 23. Qa5 b6 24. Qa4 b5 25. cxb5 Nb6 26. Qb3 axb5 27. Qxb5 Rfb8 28. Rd2 Nf8 29. Rc1 Kh7 30. Qc6 1/2-1/2

[Event "Perm op-A 10"]
[Site "Perm"]
[Date "2008.10.??"]
[Round "8"]
[White "Syrchikov, Alexander"]
[Black "Mamykin, Andrey"]
[Result "0-1"]
[WhiteElo "2273"]
[BlackElo "2132"]
[PlyCount "42"]
[EventDate "2008.10.15"]
[EventType "swiss"]
[EventRounds "8"]
[EventCountry "RUS"]
[SourceTitle "EXT 2022"]
[Source "ChessBase"]
[SourceDate "2021.10.06"]
[SourceVersion "1"]
[SourceVersionDate "2021.10.06"]
[SourceQuality "1"]

1. e4 e6 2. d4 d5 3. Nd2 dxe4 4. Nxe4 Nd7 5. Bd3 Be7 6. Nf3 Ngf6 7. Nxf6+ Nxf6 8. Qe2 0-0 9. Bd2 b6 10. 0-0 Bb7 11. c3 a5 12. a4 h6 13. Rfe1 c5 14. Rad1 cxd4 15. Nxd4 Qd5 16. f3 Bc5 17. Be3 Qh5 18. Bf2 Rfd8 19. Qe5 Qxe5 20. Rxe5 Rd5 21. Rxd5 exd5 0-1